000 00375nam a22001457a 4500
020 _a9788179934241
082 _a628.44
_bBAN/WE
245 _aWealth from waste: Trends And Technologies
250 _a3
260 _aNew Delhi
_bThe Energy and Resource Institute
_c2011
300 _a457
700 _aBanwari Lal
_9315
700 _aPriyangshu, M . Sarma
_9316
942 _cBK
999 _c14242
_d14242